000 00656nam a2200229Ia 4500
003 OSt
005 20221005114022.0
006 a|||||r|||| 00| 0
007 ta
008 221004b |||||||| |||| 00| 0 eng d
024 _a67130
037 _cTextual
040 _aCRL
_cCRL
_beng
041 _2eng
_aeng
082 _aV73:1:N5g14, H7
100 _aButterfield Roger
_9625330
245 0 _aAmerican past
_b A history of the United States from concord to Hiroshima 1775-1945
260 _c1947
650 _aUNITED STATES - HISTORY
_931585
942 _hV73:1:N5g14, H7
_cTEXL
_2cc
999 _c1030028
_d1030028